[Event "IsBank TCh-TUR"]
[Site "Konya TUR"]
[Date "2010.07.07"]
[Round "12"]
[White "Mamedov,Nid"]
[Black "Gagunashvili,M"]
[Result "1/2-1/2"]
[WhiteElo "2614"]
[BlackElo "2580"]
[EventDate "2010.06.29"]

1. e4 c6 2. d4 d5 3. Nc3 dxe4 4. Nxe4 Bf5 5. Ng3 Bg6 6. h4 h6 7. Nf3 Nd7 8.
h5 Bh7 9. Bd3 Bxd3 10. Qxd3 e6 11. Bd2 Qc7 12. O-O-O Ngf6 13. Qe2 c5 14.
Kb1 Be7 15. Bc1 cxd4 16. Nxd4 Qe5 17. Qxe5 Nxe5 18. c3 O-O-O 19. Rhe1 Ned7
20. Ndf5 Bc5 21. Nd6+ Bxd6 22. Rxd6 Nb8 23. Bf4 Nc6 24. f3 Rxd6 25. Bxd6
Rd8 26. Bf4 a6 27. Kc2 Ne7 28. Be5 Nc6 29. Bf4 Ne7 30. Be5 Nc6 31. Bf4
1/2-1/2

[Event "IsBank TCh-TUR"]
[Site "Konya TUR"]
[Date "2010.07.07"]
[Round "12"]
[White "Can,E"]
[Black "Mirzoev,A"]
[Result "1-0"]
[WhiteElo "2477"]
[BlackElo "2555"]
[EventDate "2010.06.29"]

1. e4 e5 2. Nf3 Nc6 3. Bc4 Bc5 4. Nc3 d6 5. Na4 h6 6. Nxc5 dxc5 7. d3 Qd6
8. Be3 Nf6 9. Nd2 b6 10. O-O g5 11. a3 a5 12. c3 Be6 13. Bb5 Bd7 14. Nc4
Qe6 15. b4 Ne7 16. Bxd7+ Nxd7 17. bxc5 bxc5 18. Rb1 O-O 19. Rb5 Rfb8 20.
Rxb8+ Rxb8 21. Nxa5 Nc8 22. Qa1 Qa6 23. Nc4 Nd6 24. Qa2 Nxc4 25. dxc4 Nb6
26. Rb1 Rd8 27. h4 Qxc4 28. Qxc4 Nxc4 29. Bxc5 gxh4 30. Rb7 Rd1+ 31. Kh2
Nd6 32. Bxd6 cxd6 33. a4 Ra1 34. Ra7 Ra2 35. f3 Kg7 36. Kh3 Kf6 37. a5 Ra3
38. a6 Rxc3 39. Kxh4 Ra3 40. Ra8 Ra1 41. Kg3 Ra2 42. Kh3 Kg7 43. Kh2 Kf6
44. Kg1 Kg7 45. Kf1 Kf6 46. g3 Kg7 47. Ke1 h5 48. Kd1 Ra3 49. Kc2 Kf6 50.
Kb2 Ra4 51. Kb3 Ra1 52. Kc4 Ra3 53. Kb4 Ra1 54. Kb5 Ra3 55. Rc8 Rb3+ 56.
Ka4 Rb1 57. Rc3 Rb8 58. Ka5 Kg5 59. a7 Rh8 60. Kb6 f5 61. exf5 Kxf5 62. Ra3
d5 63. a8=Q Rxa8 64. Rxa8 e4 65. Rf8+ Ke5 66. Kc5 exf3 67. Rxf3 1-0

[Event "IsBank TCh-TUR"]
[Site "Konya TUR"]
[Date "2010.07.07"]
[Round "12"]
[White "Duman,A"]
[Black "Ari,Z"]
[Result "1/2-1/2"]
[WhiteElo "2221"]
[BlackElo "2184"]
[EventDate "2010.06.29"]

1. e4 e5 2. Nf3 Nc6 3. Bc4 Bc5 4. c3 Nf6 5. d3 d6 6. Bb3 O-O 7. Nbd2 a6 8.
h3 Be6 9. O-O Ba7 10. Re1 Nh5 11. Nf1 Qf6 12. Ne3 Nf4 13. Ng4 Bxg4 14. hxg4
h6 15. d4 Rfe8 16. g3 Nh3+ 17. Kg2 Ng5 18. Bxg5 hxg5 19. d5 Ne7 20. Qd2 g6
21. Qxg5 Qxg5 22. Nxg5 Kg7 23. f4 Ng8 24. Rh1 Nf6 25. Kf3 Rh8 26. fxe5 dxe5
27. Rh4 Nh7 28. Nh3 Bc5 29. g5 Be7 30. Rh1 Bxg5 31. Nxg5 Nxg5+ 32. Ke3 Rhf8
33. g4 f6 34. c4 b6 35. Ba4 a5 36. Bc6 Rad8 37. a3 Rc8 38. b4 Rb8 39. R4h2
Rfd8 40. Rf1 Rh8 41. Rfh1 Rhd8 42. Kd3 Rbc8 43. bxa5 bxa5 1/2-1/2

[Event "IsBank TCh-TUR"]
[Site "Konya TUR"]
[Date "2010.07.07"]
[Round "12"]
[White "Yaramis,H"]
[Black "Sengul,C"]
[Result "1/2-1/2"]
[WhiteElo "2103"]
[BlackElo "2188"]
[EventDate "2010.06.29"]

1. e4 e5 2. Nf3 Nc6 3. Bb5 a6 4. Ba4 Nf6 5. d4 exd4 6. O-O Be7 7. Re1 b5 8.
e5 Nxe5 9. Nxe5 bxa4 10. Qxd4 Rb8 11. Qxa4 Rb6 12. Nc3 O-O 13. a3 Re6 14.
Bg5 h6 15. Bh4 Nd5 16. Bxe7 Nxe7 17. Rad1 d6 18. Nc6 Nxc6 19. Qxc6 Qe8 20.
Qxe8 Rfxe8 21. Rxe6 fxe6 22. Rd4 Kf7 23. Ra4 Ke7 24. f3 Kd7 25. Rg4 Re7 26.
Kf2 c5 27. b4 cxb4 28. axb4 Bb7 29. b5 axb5 30. Nxb5 Kc6 31. Nd4+ Kd5 32.
Ke3 Bc8 33. Nb3 e5 34. Ra4 Rc7 35. Kd2 Bf5 36. Ra2 g5 37. h3 h5 38. Nc1 Rc4
39. Nd3 g4 40. hxg4 hxg4 41. Ra8 gxf3 42. gxf3 Rh4 43. Rf8 Rh2+ 44. Ke3 Bg6
45. Rf6 Bh7 46. c4+ Kxc4 47. Rxd6 Bxd3 1/2-1/2

[Event "IsBank TCh-TUR"]
[Site "Konya TUR"]
[Date "2010.07.07"]
[Round "12"]
[White "Erbis,B"]
[Black "Bolat,A"]
[Result "1/2-1/2"]
[WhiteElo "1950"]
[BlackElo "2016"]
[EventDate "2010.06.29"]

1. e4 Nf6 2. e5 Nd5 3. d4 d6 4. Bc4 e6 5. Nf3 Nc6 6. O-O Nb6 7. Bd3 Be7 8.
a3 O-O 9. Nc3 f6 10. exd6 Bxd6 11. Nb5 a6 12. Nxd6 cxd6 13. c4 e5 14. c5
dxc5 15. dxc5 Nd7 16. Qc2 h6 17. Bc4+ Kh8 18. Nh4 Ne7 19. b4 Qe8 20. Bd3 a5
21. Ng6+ Nxg6 22. Bxg6 Qe7 23. Rb1 Rd8 24. Be3 axb4 25. axb4 Nf8 26. Be4
Be6 27. Rb2 Qf7 28. f4 exf4 29. Bxf4 Bd5 30. Bd3 Ra3 31. Be2 Ne6 32. Qc1
Qg6 33. Bc4 Nxf4 34. Qxf4 Bxc4 35. Qxc4 Rad3 36. Re2 Rd1 37. Rfe1 Qg5 38.
Qe4 R8d7 39. Qc2 1/2-1/2

[Event "IsBank TCh-TUR"]
[Site "Konya TUR"]
[Date "2010.07.07"]
[Round "12"]
[White "Burneckas,Y"]
[Black "Yargici,M"]
[Result "0-1"]
[WhiteElo "1946"]
[BlackElo "1822"]
[EventDate "2010.06.29"]

1. e4 e5 2. Nf3 Nc6 3. Bc4 Bc5 4. b4 Bxb4 5. c3 Ba5 6. d4 exd4 7. O-O Nge7
8. cxd4 d5 9. exd5 Nxd5 10. Qb3 Be6 11. Ba3 Qd7 12. Nbd2 Bxd2 13. Nxd2 Na5
14. Qg3 Nxc4 15. Nxc4 O-O-O 16. Rfc1 f6 17. Rab1 Kb8 18. Bc5 h5 19. Rb2 h4
20. Qd3 Nb6 21. Ne3 Na4 22. Qa6 b6 23. Rb4 Nxc5 24. dxc5 Qd3 25. Rb5 Bc8
26. Qa4 Rd4 27. cxb6 axb6 28. Nc4 Rhd8 29. h3 Bd7 30. Qb4 Bxb5 31. Qxb5
R4d5 32. Qb4 Rc5 33. Rc3 Qe4 34. Qb3 Qe1+ 35. Kh2 Rd1 0-1

[Event "IsBank TCh-TUR"]
[Site "Konya TUR"]
[Date "2010.07.07"]
[Round "12"]
[White "Danelia,M"]
[Black "Kaya,E"]
[Result "1-0"]
[WhiteElo "2203"]
[BlackElo "2006"]
[EventDate "2010.06.29"]

1. d4 Nf6 2. c4 g6 3. Nc3 Bg7 4. e4 d6 5. f3 O-O 6. Be3 c6 7. Bd3 a6 8.
Nge2 b5 9. O-O Nbd7 10. Qd2 Rb8 11. Rac1 Bb7 12. b3 bxc4 13. bxc4 c5 14. d5
Ne5 15. Kh1 Nfd7 16. f4 Nxd3 17. Qxd3 Qc7 18. Ng1 Ba8 19. Rc2 Qa5 20. Nf3
Qa3 21. Re1 Rb2 22. Rxb2 Qxb2 23. Bd2 Qb8 24. Qe2 e5 25. f5 Qc7 26. Rf1 Nf6
27. Qe1 Bb7 28. Qh4 Bc8 29. g4 Qd8 30. Qh3 h6 31. Qg3 Nh7 32. h4 g5 33.
hxg5 Nxg5 34. Nxg5 hxg5 35. Kg2 f6 36. Qh3 Qe8 37. Rh1 Kf7 38. Qh5+ Ke7 39.
Qxe8+ Kxe8 40. Re1 Rf7 41. Rb1 Kd8 42. Na4 Kc7 43. Rb6 Bf8 44. Ba5 Bb7 45.
Nxc5 1-0

[Event "IsBank TCh-TUR"]
[Site "Konya TUR"]
[Date "2010.07.07"]
[Round "12"]
[White "Gajewski,G"]
[Black "Karakehajov,K"]
[Result "1-0"]
[WhiteElo "2572"]
[BlackElo "2505"]
[EventDate "2010.06.29"]

1. d4 d5 2. c4 e6 3. Nf3 c6 4. Nbd2 Nf6 5. g3 Be7 6. Bg2 O-O 7. O-O Nbd7 8.
Qc2 b6 9. e4 Bb7 10. e5 Ne8 11. cxd5 cxd5 12. Re1 Rc8 13. Qa4 Qc7 14. Bf1
a5 15. Bd3 Nb8 16. Qd1 Ba6 17. Bb1 Nc6 18. Nf1 Bxf1 19. Kxf1 g6 20. Bf4 Ng7
21. h4 b5 22. Kg2 Qb6 23. Bh6 f6 24. h5 fxe5 25. dxe5 gxh5 26. Rh1 Nxe5 27.
Nxe5 Qxf2+ 28. Kh3 Bd6 29. Bxg7 Kxg7 30. Qxh5 Bxe5 31. Qxe5+ Qf6 32. Qxf6+
Kxf6 33. Bd3 b4 34. Kg2 e5 35. Rhf1+ Kg5 36. Rxf8 Rxf8 37. Rh1 e4 38. Be2
d4 39. Rh5+ Kg6 40. Re5 e3 41. Bd3+ Kg7 42. Rg5+ 1-0

[Event "IsBank TCh-TUR"]
[Site "Konya TUR"]
[Date "2010.07.07"]
[Round "12"]
[White "Tuncer,U"]
[Black "Gurcan,S"]
[Result "1/2-1/2"]
[WhiteElo "2315"]
[BlackElo "2237"]
[EventDate "2010.06.29"]

1. e4 c5 2. Nf3 d6 3. c3 Nf6 4. h3 Nc6 5. d3 g6 6. Be2 Bg7 7. O-O O-O 8.
Re1 e5 9. Nbd2 d5 10. exd5 Nxd5 11. Bf1 Bf5 12. Nc4 Qc7 13. Ng5 Rad8 14.
Ne4 b6 15. Qf3 f6 16. g3 Kh8 17. Bg2 Be6 18. h4 Qd7 19. Qe2 Nde7 20. Bf1
Bg4 21. Qc2 Bh3 22. Be2 Bg4 23. Bf1 Bh3 24. Be2 Bg4 1/2-1/2

[Event "IsBank TCh-TUR"]
[Site "Konya TUR"]
[Date "2010.07.07"]
[Round "12"]
[White "Korkmaz,N"]
[Black "Koc,O"]
[Result "1-0"]
[WhiteElo "2199"]
[BlackElo "1851"]
[EventDate "2010.06.29"]

1. e4 c5 2. Nf3 d6 3. d4 cxd4 4. Nxd4 Nf6 5. Nc3 a6 6. h3 e6 7. g4 d5 8.
exd5 Nxd5 9. Bd2 Bb4 10. Nde2 Nc6 11. Bg2 Nxc3 12. Bxc6+ bxc6 13. Bxc3
Bxc3+ 14. Nxc3 Qc7 15. Qd4 O-O 16. O-O-O c5 17. Qd6 Qa5 18. Rhe1 Bb7 19.
Re5 Bd5 20. Nxd5 exd5 21. Qxd5 Rfd8 22. Qe4 Rxd1+ 23. Kxd1 Rd8+ 24. Rd5
Rxd5+ 25. Qxd5 h6 26. a3 g6 27. Qe5 Qb5 28. Kd2 Qb6 29. Kc1 Qb5 30. Qe3 Kh7
31. Qd3 Qc6 32. Kd2 Qe6 33. c3 Qf6 34. Qe3 Qd6+ 35. Kc2 Qc6 36. Qf4 Qe6 37.
c4 a5 38. f3 Qe2+ 39. Kb3 Kg7 40. Qe4 Qd1+ 41. Ka2 a4 42. Qe5+ Kh7 43. Qd5
Qb3+ 44. Kb1 Kg7 45. h4 Kg8 46. g5 h5 47. f4 Kg7 48. Ka1 f5 49. Qd7+ Kg8
50. Qe6+ Kf8 51. Qf6+ Ke8 52. Qxg6+ Ke7 53. Qf6+ Ke8 54. Qe5+ Kd8 55. Qd5+
Ke8 56. g6 Qg3 57. Qf7+ Kd8 58. g7 1-0

[Event "IsBank TCh-TUR"]
[Site "Konya TUR"]
[Date "2010.07.07"]
[Round "12"]
[White "Majdan,J"]
[Black "Gvetadze,Sopi"]
[Result "0-1"]
[WhiteElo "2348"]
[BlackElo "2363"]
[EventDate "2010.06.29"]

1. e4 e5 2. Nf3 Nc6 3. Bb5 a6 4. Ba4 Nf6 5. O-O Be7 6. Bxc6 dxc6 7. d3 Nd7
8. Nbd2 O-O 9. Nc4 f6 10. Nh4 Nb6 11. Ne3 g6 12. Nf3 c5 13. a4 Be6 14. b3
Rf7 15. Bb2 Bf8 16. a5 Nc8 17. Re1 Rd7 18. Re2 Ne7 19. Rd2 Nc6 20. c3 Be7
21. Nc4 Qf8 22. d4 cxd4 23. cxd4 exd4 24. Nxd4 Nxd4 25. Rxd4 Rad8 26. Rxd7
Rxd7 27. Qe2 Qd8 28. Kf1 b5 29. axb6 cxb6 30. Bc3 b5 31. Na5 Qc7 32. Qb2
Qxh2 33. Nc6 Bc5 34. Bd4 Qh1+ 35. Ke2 Qxg2 36. Bxc5 Bg4+ 0-1

[Event "IsBank TCh-TUR"]
[Site "Konya TUR"]
[Date "2010.07.07"]
[Round "12"]
[White "Sipahioglu,I"]
[Black "Acarbay,Ay"]
[Result "0-1"]
[WhiteElo "2057"]
[BlackElo "1885"]
[EventDate "2010.06.29"]

1. d4 Nf6 2. c4 c5 3. d5 b5 4. cxb5 a6 5. bxa6 g6 6. Nc3 Bxa6 7. e4 Bxf1 8.
Kxf1 d6 9. Nf3 Bg7 10. g3 O-O 11. Kg2 Nbd7 12. Re1 Ra6 13. Nd2 Qa8 14. Nc4
Nb6 15. Na3 Na4 16. Ncb5 Ne8 17. Rb1 Qb7 18. Qd3 Ra8 19. Re2 Nc7 20. b3 Nb6
21. Nxc7 Qxc7 22. Nb5 Qd7 23. Bb2 Bxb2 24. Rbxb2 Rfc8 25. Rec2 Ra5 26. Nc3
c4 27. Qd4 cxb3 28. axb3 Qb7 29. Nd1 Ra1 30. Rxc8+ Qxc8 31. Ne3 Qa6 32. Rc2
Nd7 33. Rc6 Qa8 34. Qc3 Nf8 35. Rc8 0-1

[Event "IsBank TCh-TUR"]
[Site "Konya TUR"]
[Date "2010.07.07"]
[Round "12"]
[White "Ulusoy,Nisan"]
[Black "Aslan,C"]
[Result "0-1"]
[WhiteElo "1613"]
[BlackElo "1572"]
[EventDate "2010.06.29"]

1. e4 c5 2. Nf3 d6 3. d4 cxd4 4. Nxd4 Nf6 5. Nc3 g6 6. Be3 Bg7 7. f3 O-O 8.
Qd2 Nc6 9. O-O-O Bd7 10. g4 d5 11. exd5 Nb4 12. Nb3 Rc8 13. a3 Rxc3 14.
bxc3 Na2+ 15. Kb2 Nxd5 16. Bd4 Naxc3 17. Bxg7 Kxg7 18. Re1 Qc7 19. Qd4+ Kg8
20. Re5 Rc8 21. Bd3 e6 22. Rhe1 Bb5 23. Bxb5 Nxb5 24. Qd3 Nd6 25. Nd2 Qb6+
26. Ka2 Rc3 27. Rxd5 Rxd3 28. Rxd3 Qc6 29. Rc1 Nb5 30. c4 Nd6 31. h4 h5 32.
Rdc3 hxg4 33. fxg4 Ne4 34. Nxe4 Qxe4 35. Rg3 Qf4 36. Rgg1 Qf2+ 37. Kb1 Qxh4
38. Rcd1 Qe7 39. Rd3 Kg7 40. Rgd1 Qc5 41. Rc1 Qb6+ 42. Ka2 Qc6 43. Rc2 Qe4
44. Rcc3 Qxg4 45. Rd7 Qg2+ 46. Kb3 Qc6 47. Rcd3 Kf6 48. R3d6 Qe4 49. Rd4
Qb1+ 50. Ka4 Ke5 51. Rd3 f5 52. Rg3 Kf6 53. Rb3 Qc2 54. Kb4 a5+ 0-1

[Event "IsBank TCh-TUR"]
[Site "Konya TUR"]
[Date "2010.07.07"]
[Round "12"]
[White "Gaponenko,I"]
[Black "Yildiz,B"]
[Result "1-0"]
[WhiteElo "2465"]
[BlackElo "2229"]
[EventDate "2010.06.29"]

1. e4 e5 2. Nf3 Nc6 3. Bc4 Nf6 4. d4 exd4 5. e5 d5 6. Bb5 Ne4 7. Nxd4 Bd7
8. Bxc6 bxc6 9. O-O c5 10. Ne2 Bc6 11. f3 Ng5 12. Nd2 f5 13. Nf4 Qe7 14.
Nb3 O-O-O 15. Qe2 Bb7 16. Na5 c6 17. e6 Re8 18. Re1 Qd6 19. c4 d4 20. h4
Nf7 21. Nxb7 Kxb7 22. Nd3 Nd8 23. Bf4 Qe7 24. b4 Nxe6 25. bxc5 Ka8 26. Rab1
a6 27. Qc2 Qd7 28. Qa4 1-0

[Event "IsBank TCh-TUR"]
[Site "Konya TUR"]
[Date "2010.07.07"]
[Round "12"]
[White "Yilmaz,M"]
[Black "Margvelashvili,G"]
[Result "1/2-1/2"]
[WhiteElo "2476"]
[BlackElo "2529"]
[EventDate "2010.06.29"]

1. e4 c6 2. d4 d5 3. Nc3 dxe4 4. Nxe4 Bf5 5. Ng3 Bg6 6. Nh3 e6 7. Nf4 Qc7
8. c3 Nf6 9. h4 Bd6 10. Qf3 Nbd7 11. h5 Bc2 12. h6 gxh6 13. Bd3 Bxd3 14.
Nxd3 Rg8 15. Bf4 Bxf4 16. Qxf4 Qxf4 17. Nxf4 Rg4 18. Nfe2 h5 19. Nxh5 Nxh5
20. Rxh5 Rxg2 21. Rxh7 Ke7 22. Kf1 Rag8 23. Rh3 R2g5 24. Rg3 Nf6 25. Re1
Ne4 26. Rxg5 Rxg5 27. f3 Nd6 28. b3 Rh5 29. Kg2 Nf5 30. Rh1 Rxh1 31. Kxh1
1/2-1/2

[Event "IsBank TCh-TUR"]
[Site "Konya TUR"]
[Date "2010.07.07"]
[Round "12"]
[White "Okay,A"]
[Black "Coban,Met"]
[Result "1-0"]
[WhiteElo "1852"]
[BlackElo "1919"]
[EventDate "2010.06.29"]

1. e4 c5 2. Nf3 d6 3. d4 cxd4 4. Nxd4 Nf6 5. Nc3 g6 6. Be3 Bg7 7. f3 O-O 8.
Bc4 a6 9. Qd2 b5 10. Bb3 Bb7 11. g4 Nbd7 12. h4 Nc5 13. h5 b4 14. Na4 Bxe4
15. fxe4 Nxg4 16. hxg6 hxg6 17. Qg2 Nxb3 18. Qh3 Re8 19. axb3 Nxe3 20. Qxe3
Qc7 21. O-O-O Qa7 22. Qd3 Qxd4 23. Qxd4 Bxd4 24. Rxd4 Rab8 25. Rc4 Rec8 26.
Rxc8+ Rxc8 27. Nb6 Rc5 28. Nd5 e6 29. Nf6+ Kg7 30. Ne8+ Kf8 31. Nxd6 f5 32.
Rh7 Re5 33. Kd2 Kg8 34. Re7 f4 35. Kd3 g5 36. Nc4 Rc5 37. Rxe6 Kf7 38. Re5
Rxe5 39. Nxe5+ Ke6 40. Ng4 Kd6 41. Kd4 a5 42. e5+ Ke6 43. Ke4 1-0

[Event "IsBank TCh-TUR"]
[Site "Konya TUR"]
[Date "2010.07.07"]
[Round "12"]
[White "Sop,S"]
[Black "Bulmaga,I"]
[Result "0-1"]
[WhiteElo "1963"]
[BlackElo "2254"]
[EventDate "2010.06.29"]

1. e4 d6 2. d4 Nf6 3. Nc3 g6 4. g3 Bg7 5. Bg2 O-O 6. Nge2 Nbd7 7. O-O c6 8.
a4 a5 9. h3 e5 10. Be3 Re8 11. Qd2 Qe7 12. Rae1 b6 13. f4 Ba6 14. dxe5 dxe5
15. f5 h5 16. Bf3 gxf5 17. exf5 e4 18. Bh1 Rad8 19. Qc1 Ne5 20. Bxb6 Rb8
21. Be3 Nc4 22. b3 Nxe3 23. Qxe3 Nd5 24. Nxd5 cxd5 25. f6 Bxf6 26. Qh6 Qa7+
27. Kh2 Bg7 28. Qxh5 d4 29. Bg2 d3 30. cxd3 exd3 31. Nf4 d2 32. Rxe8+ Rxe8
33. Rd1 Re1 34. h4 Qg1+ 35. Kh3 Bc8+ 36. g4 0-1

[Event "IsBank TCh-TUR"]
[Site "Konya TUR"]
[Date "2010.07.07"]
[Round "12"]
[White "Yuksel,G"]
[Black "Yuksel,A"]
[Result "1/2-1/2"]
[WhiteElo "1825"]
[BlackElo "1975"]
[EventDate "2010.06.29"]

1. e4 c5 2. c3 d5 3. exd5 Qxd5 4. d4 Nc6 5. Nf3 Bg4 6. Be2 Nf6 7. h3 Bh5 8.
c4 Qd7 9. d5 Bxf3 10. Bxf3 Nd4 11. Nc3 Qf5 12. O-O Nxf3+ 13. Qxf3 Qxf3 14.
gxf3 g6 15. Be3 b6 16. Rfd1 Bg7 17. Rd2 Nd7 18. f4 Bxc3 19. bxc3 Nf6 20. f3
Kd7 21. a4 a5 22. Rb1 Ra6 23. Rdb2 Kc7 24. Kf2 Rd8 25. Rd2 Nh5 26. Rg1 Ng7
27. f5 Nxf5 28. Bf4+ Kb7 29. Re1 Ra7 30. Rde2 Ka6 31. Bg5 Rdd7 32. Bf4 Rab7
33. Kf1 h6 34. Kf2 Ra7 35. Bh2 Ng7 36. Bg3 g5 37. Bh2 f6 38. Bg3 f5 39. Be5
Nh5 40. Rg1 f4 41. h4 Ng3 42. Ree1 Ra8 43. Rg2 Rg8 44. hxg5 hxg5 45. Reg1
e6 46. d6 Rh7 47. Rd1 Kb7 48. Bf6 Kc6 49. Be7 Rh1 50. Rxh1 Nxh1+ 51. Kg1
Ng3 52. Rd2 Kd7 53. Rb2 Kc6 54. Rd2 Kd7 1/2-1/2

[Event "IsBank TCh-TUR"]
[Site "Konya TUR"]
[Date "2010.07.07"]
[Round "12"]
[White "Menzi,N"]
[Black "Sahin,Handenur"]
[Result "1-0"]
[WhiteElo "1851"]
[BlackElo "1656"]
[EventDate "2010.06.29"]

1. e4 e5 2. Nf3 Nf6 3. Nxe5 d6 4. Nf3 Nxe4 5. Nc3 Nxc3 6. dxc3 Be7 7. Bf4
O-O 8. Qd2 Nd7 9. O-O-O Bf6 10. Bc4 Nc5 11. Be3 Bf5 12. Bxc5 dxc5 13. Qf4
Qc8 14. Rd5 Be6 15. Rxc5 c6 16. Bxe6 Qxe6 17. Qc4 Qxc4 18. Rxc4 Rfe8 19.
Rd1 Rad8 20. Rxd8 Bxd8 21. Rd4 g6 22. Kd1 Bb6 23. Rd2 Kg7 24. Rd7 Kf6 25.
Rxb7 Bxf2 26. Rc7 Rb8 27. Rxc6+ Kf5 28. b3 Re8 29. Nd4+ Ke4 30. Rf6 Bxd4
31. cxd4 Kxd4 32. Rxf7 a5 33. Rxh7 Kc3 34. Rc7+ Kb2 35. a4 Rd8+ 36. Ke2 Rd5
37. g4 g5 38. Rc4 Kc1 39. Kf3 Kd1 40. Kg3 Re5 41. Kf3 Kd2 42. Re4 Rc5 43.
c4 Kc3 44. Re3+ Kd4 45. Kf2 Rc7 46. Rf3 Rb7 47. Kg3 Ke4 48. Kf2 Rd7 49. Ke2
Rb7 50. h3 Rb8 51. Re3+ Kd4 52. Rd3+ Ke4 53. c5 Rc8 54. Rc3 Kd4 55. Rc4+
Kd5 56. c6 Rc7 57. Kf3 Ke5 58. Kg3 1-0

[Event "IsBank TCh-TUR"]
[Site "Konya TUR"]
[Date "2010.07.08"]
[Round "13"]
[White "Firat,Deniz"]
[Black "Sop,S"]
[Result "0-1"]
[WhiteElo "1621"]
[BlackElo "1963"]
[EventDate "2010.06.29"]

1. d4 d5 2. c4 c6 3. Nf3 Nf6 4. Nc3 dxc4 5. e3 b5 6. a4 Nd5 7. Qc2 e6 8.
axb5 Nxc3 9. Qxc3 cxb5 10. b3 a5 11. Bd2 b4 12. Qxc4 Ba6 13. Qc2 Bxf1 14.
Rxf1 Be7 15. Ke2 O-O 16. Rfc1 Nd7 17. Kf1 Nf6 18. Kg1 Qd5 19. Qc4 Ne4 20.
Qxd5 exd5 21. Be1 f6 22. Rc7 Bd6 23. Rc2 Rfb8 24. Rca2 Bc7 25. Nh4 Nd6 26.
Rc2 Bb6 27. Rc6 Nb5 28. Nf5 Kf8 29. f3 g6 30. Rxf6+ Ke8 31. Bg3 gxf5 32.
Bxb8 Rxb8 33. Rd1 Nc3 34. Rd2 f4 35. Rxf4 a4 36. bxa4 b3 37. Rg4 Kf7 38.
Rb2 Ba5 39. Rf4+ Ke7 40. Rh4 Nxa4 41. Rxh7+ Ke6 42. Rh6+ Kf7 43. Rb1 b2 44.
Ra6 Rb5 45. Ra7+ Ke6 46. Ra6+ Kd7 47. h4 Kc7 48. h5 Kb7 49. Rg6 Ka7 50. h6
Rb8 51. Rg7+ Ka6 52. Rg6+ Kb5 53. h7 Rh8 54. Rh6 Bd8 55. f4 Kc4 56. g4 Kb3
57. g5 Nc3 58. Rxb2+ Kxb2 59. g6 Bf6 60. Rh5 Kc2 61. Rg5 Bg7 62. Rf5 Ne4
63. Rf7 Bf6 64. g7 Bxg7 65. Rxg7 Kd3 66. Rd7 Kxe3 67. Rxd5 Rxh7 0-1

[Event "IsBank TCh-TUR"]
[Site "Konya TUR"]
[Date "2010.07.08"]
[Round "13"]
[White "Zeytinoglu,N"]
[Black "Yilmaz,M"]
[Result "0-1"]
[WhiteElo "1927"]
[BlackElo "2476"]
[EventDate "2010.06.29"]

1. e4 e5 2. Nf3 Nc6 3. Nc3 Nf6 4. Bb5 Bd6 5. O-O O-O 6. Bxc6 bxc6 7. d4
exd4 8. Qxd4 Be7 9. Bg5 h6 10. Bh4 g5 11. Bg3 d6 12. e5 Nh5 13. Qc4 Bd7 14.
exd6 cxd6 15. Qd3 Nxg3 16. hxg3 Rb8 17. b3 Bf6 18. Rad1 d5 19. Rfe1 Qc7 20.
Na4 Bg4 21. Rd2 Rbe8 22. Rxe8 Rxe8 23. c4 Rd8 24. cxd5 Rxd5 25. Qe2 Qd6 26.
Rxd5 cxd5 27. Qd2 d4 28. Nb2 Bf5 29. Ne1 Qa6 30. Nc4 Bb1 31. a3 Qb7 32. Qb4
Qe4 33. Qd2 Ba2 34. Qxa2 Qxe1+ 35. Kh2 d3 36. Qd2 Qe2 37. Qe3 Bc3 38. Qf3
Bd4 39. Qa8+ Kg7 40. Nd6 d2 41. Nf5+ Kh7 42. Nxd4 Qh5+ 0-1

[Event "IsBank TCh-TUR"]
[Site "Konya TUR"]
[Date "2010.07.08"]
[Round "13"]
[White "Coban,Met"]
[Black "Kazdagli,B"]
[Result "1-0"]
[WhiteElo "1919"]
[BlackElo "1823"]
[EventDate "2010.06.29"]

1. e4 e5 2. Nf3 Nc6 3. Bb5 a6 4. Ba4 Nf6 5. O-O Be7 6. Re1 b5 7. Bb3 d6 8.
c3 O-O 9. h3 Na5 10. Bc2 c5 11. d4 Qc7 12. Nbd2 cxd4 13. cxd4 Rd8 14. b3
Nc6 15. Bb2 Bd7 16. Rc1 Qb8 17. Qe2 Bf8 18. Nf1 Re8 19. dxe5 dxe5 20. Red1
g6 21. Bb1 Bh6 22. Ne3 Qb7 23. Rd6 Nh5 24. Qd2 Rad8 25. Rcxc6 Qxc6 26. Nxe5
Qxd6 27. Qxd6 Be6 28. Qc6 Bg7 29. Qxa6 b4 30. Qb5 Rb8 31. Qf1 Rbd8 32. N5c4
Bxb2 33. Nxb2 Nf4 34. Nd3 Nxd3 35. Bxd3 Rd4 36. Nc2 Rd6 37. Nxb4 Red8 38.
Nd5 Bxd5 39. exd5 Rxd5 40. Be2 Rd2 41. a4 Rb2 42. Bc4 Rdd2 43. a5 Ra2 44.
a6 1-0

[Event "IsBank TCh-TUR"]
[Site "Konya TUR"]
[Date "2010.07.08"]
[Round "13"]
[White "Haznedaroglu,K"]
[Black "Atalik,S"]
[Result "0-1"]
[WhiteElo "2501"]
[BlackElo "2607"]
[EventDate "2010.06.29"]

1. e4 e5 2. Nf3 Nc6 3. Bb5 Nf6 4. d3 Bc5 5. Bxc6 dxc6 6. h3 Qd6 7. Nbd2 Be6
8. Ng5 O-O-O 9. Qf3 Nd7 10. Nxe6 Qxe6 11. Qg4 Qf6 12. O-O h5 13. Qf3 Qe6
14. Nc4 Kb8 15. Be3 Be7 16. Bd2 f6 17. b4 Nb6 18. Ne3 Na4 19. Rab1 a6 20.
Rb3 g6 21. Rfb1 b5 22. Rc1 Rd4 23. a3 Rhd8 24. Rbb1 Kb7 25. Nf1 R4d7 26.
Ne3 Bf8 27. Re1 Bh6 28. Nf1 Bf8 29. Be3 Rf7 30. Bd2 Rfd7 31. Be3 Rf7 32.
Nd2 f5 33. exf5 Qxf5 34. Qg3 Nc3 35. Rb3 Nd5 36. Ne4 Bd6 37. Bg5 Rdd7 38.
Rbb1 Nf4 39. a4 Bf8 40. axb5 cxb5 41. Bxf4 exf4 42. Qf3 c6 43. c4 g5 44.
cxb5 axb5 45. Qxh5 Rxd3 46. Qxg5 Rd4 47. Kh2 Rxb4 48. Ra1 Qxg5 49. Nxg5 Rf5
50. Ne6 Be7 51. Rad1 Bh4 52. Rd2 Kb6 53. g3 fxg3+ 54. fxg3 Bf6 55. Re3 Re5
56. Rxe5 Bxe5 57. Re2 Rb2 58. Rxb2 Bxb2 59. Kg2 b4 60. Kf3 Be5 61. Ke4 b3
62. Kd3 c5 63. Nf4 c4+ 64. Kd2 c3+ 65. Kd3 b2 66. Kc2 Bxf4 67. gxf4 Kc5 68.
h4 Kb4 0-1

[Event "IsBank TCh-TUR"]
[Site "Konya TUR"]
[Date "2010.07.08"]
[Round "13"]
[White "Yuksel,A"]
[Black "Baglan,E"]
[Result "1-0"]
[WhiteElo "1975"]
[BlackElo "1800"]
[EventDate "2010.06.29"]

1. e4 c5 2. Nf3 Nc6 3. d4 cxd4 4. Nxd4 g6 5. Nc3 Bg7 6. Be3 Nf6 7. Bc4 O-O
8. f3 d6 9. Qd2 Bd7 10. O-O-O Ne5 11. Bb3 Qa5 12. Kb1 Rfc8 13. h4 Rxc3 14.
Qxc3 Qxc3 15. bxc3 Rc8 16. Kb2 b5 17. Ne2 a5 18. a3 a4 19. Ba2 Nc4+ 20.
Bxc4 Rxc4 21. Bd4 Ne8 22. Bxg7 Kxg7 23. Nf4 Nc7 24. Rd4 Rc5 25. Nd3 Rc6 26.
Ne5 dxe5 27. Rxd7 Kf6 28. Rhd1 Ke6 29. Rd8 Rd6 30. Kc1 Rc6 31. R1d3 Na6 32.
R3d5 Nc7 33. Rc8 Rxc3 34. Kb2 b4 35. axb4 Rc4 36. b5 Rb4+ 37. Ka3 Nxd5 38.
exd5+ Kd7 39. Kxb4 Kxc8 40. Kxa4 f5 41. Kb4 1-0

[Event "IsBank TCh-TUR"]
[Site "Konya TUR"]
[Date "2010.07.08"]
[Round "13"]
[White "Pantsulaia,L"]
[Black "Erdogdu,M"]
[Result "1-0"]
[WhiteElo "2587"]
[BlackElo "2458"]
[EventDate "2010.06.29"]

1. Nf3 Nf6 2. c4 g6 3. g3 Bg7 4. Bg2 d6 5. Nc3 O-O 6. O-O Nc6 7. Rb1 e5 8.
b4 a6 9. d3 h6 10. Bd2 Be6 11. Qc1 Kh7 12. e4 Nh5 13. Nd5 Ne7 14. Be3 c6
15. Bb6 Qd7 16. Nc7 Rac8 17. Nxe6 Qxe6 18. d4 Nf6 19. dxe5 dxe5 20. Qc2 Nd7
21. Be3 Rcd8 22. Rbd1 Nc8 23. Nd2 Rfe8 24. c5 Nf6 25. f3 Re7 26. Nc4 Red7
27. Rxd7 Rxd7 28. h4 Rd8 29. Kh2 Nh5 30. Bh3 Qe7 31. Rd1 Bf6 32. Rxd8 Qxd8
33. Qd2 Qc7 34. Qd7 Qxd7 35. Bxd7 Na7 36. Nd6 1-0

[Event "IsBank TCh-TUR"]
[Site "Konya TUR"]
[Date "2010.07.08"]
[Round "13"]
[White "Yigit,A"]
[Black "Menzi,N"]
[Result "0-1"]
[WhiteElo "1734"]
[BlackElo "1851"]
[EventDate "2010.06.29"]

1. e4 c5 2. Nf3 d6 3. d4 cxd4 4. Nxd4 Nf6 5. Nc3 g6 6. Be3 Bg7 7. f3 Nc6 8.
Qd2 Bd7 9. O-O-O O-O 10. h4 Qa5 11. Nb3 Qc7 12. h5 Nxh5 13. g4 Ng3 14. Rh3
Nxf1 15. Rxf1 Ne5 16. Nd5 Qd8 17. Qh2 h5 18. Rg3 hxg4 19. Bh6 e6 20. Ne3
Nxf3 21. Rgxf3 gxf3 22. Rh1 Qf6 23. Ng4 Qxb2+ 24. Kd1 Rfc8 25. Bg5 Bb5 26.
e5 Qxc2+ 27. Qxc2 Be2+ 28. Kc1 Rxc2+ 29. Kxc2 dxe5 30. Be7 f5 31. Ne3 Kf7
32. Bb4 Rh8 33. Re1 Rh2 34. Nd2 Bh6 35. Nef1 Bxf1 36. Rxf1 e4 37. Kc3 Bxd2+
0-1

[Event "IsBank TCh-TUR"]
[Site "Konya TUR"]
[Date "2010.07.08"]
[Round "13"]
[White "Yildiz,B"]
[Black "Atalik,E"]
[Result "1/2-1/2"]
[WhiteElo "2229"]
[BlackElo "2444"]
[EventDate "2010.06.29"]

1. e4 e5 2. Nf3 Nc6 3. d4 exd4 4. Nxd4 Nf6 5. Nxc6 bxc6 6. Bd3 d5 7. exd5
cxd5 8. Bb5+ Bd7 9. Bxd7+ Qxd7 10. O-O Be7 11. b3 O-O 12. Bb2 Rfe8 13. Nd2
Qf5 14. Nf3 c5 15. Re1 Ne4 16. Qd3 Rad8 17. Re2 Bd6 18. c4 dxc4 19. Qxc4
Re6 20. Rae1 Rde8 21. Qd3 Bc7 22. Nd2 Rd8 23. Qf3 Qxf3 24. Nxf3 Ba5 25. Rc1
f5 26. g3 Red6 27. Kg2 g6 28. Rec2 Rd5 29. Ne5 Bc7 30. Nc4 Rd3 31. Be5 Rd2
1/2-1/2